| 000 | 00593 a2200241 4500 | ||
|---|---|---|---|
| 260 | _aParis | ||
| 630 | _a91 - Geographie. exploration de la terre, des diverses regions, des divers pays. Voyages. Geographie regionale | ||
| 037 | _b2, WVSC | ||
| 650 | _a9 - GEOGRAPHIE ET HISTOIRE | ||
| 100 | _aMerlin, Pierre | ||
| 260 | _bPUF | ||
| 245 | _aGéographie humaine | ||
| 300 | _a578 p. | ||
| 650 | _aGéographie humaine | ||
| 260 | _c1997 | ||
| 300 | _b24 cm | ||
| 100 | _lFr | ||
| 037 | _aDE 9781 | ||
| 037 | _aDE 9780 | ||
| 020 | _a2-13-050992-4 | ||
| 999 |
_c43185 _d43185 |
||